00464nam a2200181Ia 4500003000400000005001700004008004100021020001800062040000700080041000800087082002200095100002400117245005300141260003900194300001800233365001300251650001800264OSt20230415111819.0210423s2003 xx 000 0 und d a0-14-302982-7 cAL aeng a824.92 223bKALI aKALAM (Abdul A P J) aIgnited minds: unleashing the power within India aNew DelhibPenguin Books Ltdc2003 axviii,205bPB b125cINR aEnglish Prose